|
|
|
|
| LEADER |
02289nam a2200637 a 4500 |
| 001 |
nkc20152665234 |
| 003 |
CZ PrNK |
| 005 |
20150325110519.0 |
| 007 |
ta |
| 008 |
150216s2014 xr a f 001 0 cze |
| 015 |
|
|
|a cnb002665234
|
| 020 |
|
|
|a 978-80-7435-494-6
|q (brož.)
|
| 035 |
|
|
|a (OCoLC)907529230
|
| 040 |
|
|
|a OLA001
|b cze
|d ABA001
|
| 041 |
0 |
|
|a cze
|b eng
|
| 043 |
|
|
|a e-xr---
|
| 045 |
|
|
|a y0y2
|
| 072 |
|
7 |
|a 373.2/.3
|x Předškolní a primární výchova a vzdělávání
|2 Konspekt
|9 22
|
| 080 |
|
|
|a 37.014.22
|2 MRF
|
| 080 |
|
|
|a 37.016:003-028.31
|2 MRF
|
| 080 |
|
|
|a 003
|2 MRF
|
| 080 |
|
|
|a 37.016:003.23.081
|2 MRF
|
| 080 |
|
|
|a 373.3
|2 MRF
|
| 080 |
|
|
|a 37.012
|2 MRF
|
| 080 |
|
|
|a (437.3)
|2 MRF
|
| 080 |
|
|
|a (048.8)
|2 MRF
|
| 100 |
1 |
|
|a Košek Bartošová, Iva
|7 jx20050503007
|4 aut
|
| 245 |
1 |
0 |
|a Elementární gramotnost a písmo Comenia Script /
|c Iva Košek Bartošová
|
| 250 |
|
|
|a Vyd. 1.
|
| 260 |
|
|
|a Hradec Králové :
|b Gaudeamus,
|c 2014
|
| 300 |
|
|
|a 177 s. :
|b il. (převážně barev.) ;
|c 21 cm
|
| 500 |
|
|
|a Nad názvem: Univerzita Hradec Králové, Pedagogická fakulta, Ústav primární a preprimární edukace
|
| 500 |
|
|
|a 150 výt.
|
| 504 |
|
|
|a Obsahuje bibliografii a rejstřík
|
| 546 |
|
|
|a Anglické resumé
|
| 648 |
|
7 |
|a 2001-2020
|7 ch460601
|2 czenas
|
| 650 |
0 |
7 |
|a gramotnost
|7 ph120604
|2 czenas
|
| 650 |
0 |
7 |
|a psaní
|7 ph115938
|2 czenas
|
| 650 |
0 |
7 |
|a písmo
|7 ph115978
|z Česko
|2 czenas
|
| 650 |
0 |
7 |
|a Comenia Script (písmo)
|7 ph864771
|2 czenas
|
| 650 |
0 |
7 |
|a základní školy
|7 ph116795
|z Česko
|2 czenas
|
| 650 |
0 |
7 |
|a pedagogický výzkum
|7 ph124017
|z Česko
|y 2001-2020
|2 czenas
|
| 650 |
0 |
9 |
|a literacy
|2 eczenas
|
| 650 |
0 |
9 |
|a writing
|2 eczenas
|
| 650 |
0 |
9 |
|a script
|z Czechia
|2 eczenas
|
| 650 |
0 |
9 |
|a Comenia Script (script)
|2 eczenas
|
| 650 |
0 |
9 |
|a elementary schools
|z Czechia
|2 eczenas
|
| 650 |
0 |
9 |
|a educational research
|z Czechia
|y 2001-2020
|2 eczenas
|
| 655 |
|
7 |
|a monografie
|7 fd132842
|2 czenas
|
| 655 |
|
9 |
|a monographs
|2 eczenas
|
| 710 |
2 |
|
|a Univerzita Hradec Králové.
|b Ústav primární a preprimární edukace
|7 xx0055403
|
| 910 |
2 |
|
|a BOA001
|b 2-1341.955
|
| 990 |
|
|
|a BK
|
| 995 |
|
|
|a 01
|
| 991 |
|
|
|b 201503
|c NOV
|e n
|
| 996 |
6 |
|
|b 2610623882
|c 2-1341.955
|l MZK
|r Sklad / do 1 hodiny
|n 2
|p p.v.
|w 001492503
|u 000010
|a 1
|e BOA001
|j MZK50
|s P
|